Otra economía es posible: el futuro del mundo a corto, mediano y largo plazo /

El artículo toca el tema de la racionalidad capitalista, la cual consiste en la acumulación a partir de los beneficios. Dicha acumulación se produce mediante el aumento de la productividad (PIB) o la obtención de un trozo del mercado y de la riqueza existente. Ambas vías están agotadas en vista a la...

Descrizione completa

Salvato in:
Dettagli Bibliografici
Autore principale: Dierckxsens, Wim
Natura: testo
Soggetti:
Tags: Aggiungi Tag
Nessun Tag, puoi essere il primo ad aggiungerne!!

MARC

LEADER 00000 a a2200000 04500
001 11798
003
040
100 |a Dierckxsens, Wim  
245 |a Otra economía es posible:   |b el futuro del mundo a corto, mediano y largo plazo /  |c Wim Dierckxsens 
520 |a El artículo toca el tema de la racionalidad capitalista, la cual consiste en la acumulación a partir de los beneficios. Dicha acumulación se produce mediante el aumento de la productividad (PIB) o la obtención de un trozo del mercado y de la riqueza existente. Ambas vías están agotadas en vista a la voracidad de la empresas transnacionales. En este sentido, el reparto agresivo es la respuesta de la principal ptencia que cree poder salir adelante de forma unilateral. A partir de las contradicciones de un sistema donde el reparto se estancó, surge el espacio para reinvidicar otro mundo es posible, según la perspectiva del autor  
650 |a NEOLIBERALISMO  
650 |a EMPRESAS TRANSNACIONALES  
650 |a ECONOMIA INTERNACIONAL  
650 |a SISTEMA MONETARIO INTERNACIONAL  
650 |a CIUDADANIA  
773 |g número 112; páginas 14-22  
999 |c 24729  |d 24729 
773 0 |0 41641  |9 2443  |a Departamento Ecuménico de Investigaciones (DEI)  |d San José, Costa Rica Departamento Ecuménico de Investigaciones (DEI)  |o 20200  |t Pasos /